[Event "GER-chT U10"]
[Site "Magdeburg"]
[Date "2016.12.28"]
[Round "5.4"]
[White "Leyrer, Justus"]
[Black "Guo, Jacob Tingshen"]
[Result "0-1"]
[WhiteElo "855"]
[BlackElo "758"]
[PlyCount "94"]
[EventDate "2016.12.27"]
[EventType "team-swiss"]
[EventRounds "7"]
[EventCountry "GER"]
[SourceTitle "EXT 2018"]
[Source "ChessBase"]
[SourceDate "2017.10.13"]
[SourceVersion "1"]
[SourceVersionDate "2017.10.13"]
[SourceQuality "1"]
[WhiteTeam "Hohentuebingen"]
[BlackTeam "Norderstedt Harksheide"]
[WhiteTeamCountry "GER"]
[BlackTeamCountry "GER"]

1. e4 e5 2. Nf3 Nc6 3. Bb5 Nf6 4. d3 d6 5. c3 a6 6. Ba4 Bg4 7. Bg5 Be7 8. 0-0 b5 9. Bb3 0-0 10. Re1 b4 11. Ba4 Qd7 12. cxb4 Nd4 13. Bxd7 Nxf3+ 14. gxf3 Bxd7 15. Nd2 Rad8 16. Nf1 Rfe8 17. Ng3 d5 18. Nf5 Bxf5 19. exf5 Bxb4 20. Re2 Rd6 21. Qf1 Nd7 22. Qg2 g6 23. Bh6 Kh8 24. f4 Rg8 25. fxe5 Rc6 26. Rf1 gxf5 27. Qxg8+ Kxg8 28. Kh1 Rxh6 29. a3 Bc5 30. Rfe1 f4 31. b4 Bd4 32. Rc1 f3 33. Rd2 Bxe5 34. d4 Bf4 35. Rg1+ Kf8 36. Rgd1 Bxd2 37. Rxd2 Nf6 38. Kg1 Ne4 39. Rc2 Rg6+ 40. Kf1 Rg2 41. h3 Rh2 42. Kg1 Rxh3 43. Rxc7 Rh4 44. a4 Rg4+ 45. Kh1 Rg2 46. Rc8+ Kg7 47. Rc2 Nxf2+ 0-1

[Event "GER-chT U10"]
[Site "Magdeburg"]
[Date "2016.12.27"]
[Round "2.4"]
[White "Eichhorn, Valentin"]
[Black "Leyrer, Justus"]
[Result "1-0"]
[WhiteElo "989"]
[BlackElo "855"]
[PlyCount "49"]
[EventDate "2016.12.27"]
[EventType "team-swiss"]
[EventRounds "7"]
[EventCountry "GER"]
[SourceTitle "EXT 2018"]
[Source "ChessBase"]
[SourceDate "2017.10.13"]
[SourceVersion "1"]
[SourceVersionDate "2017.10.13"]
[SourceQuality "1"]
[WhiteTeam "Karlsruhe SF"]
[BlackTeam "Hohentuebingen"]
[WhiteTeamCountry "GER"]
[BlackTeamCountry "GER"]

1. d4 e6 2. Nf3 Nf6 3. Bf4 Bb4+ 4. c3 Ba5 5. e3 Nc6 6. Qc2 d6 7. Bd3 e5 8. dxe5 dxe5 9. Nxe5 Nxe5 10. Bxe5 Qd5 11. Bg3 Qxg2 12. Rf1 Bh3 13. Nd2 Rd8 14. 0-0-0 Qd5 15. Bc4 Qc5 16. Rfe1 Bg4 17. Be2 Bf5 18. e4 Bg6 19. Nb3 Qg5+ 20. f4 Qh6 21. Rxd8+ Kxd8 22. Rd1+ Ke7 23. Nxa5 b6 24. Nc6+ Ke8 25. Rd8# 1-0

[Event "GER-chT U10"]
[Site "Magdeburg"]
[Date "2016.12.27"]
[Round "1.4"]
[White "Leyrer, Justus"]
[Black "Moeller, Simon"]
[Result "1-0"]
[WhiteElo "855"]
[BlackElo "600"]
[PlyCount "31"]
[EventDate "2016.12.27"]
[EventType "team-swiss"]
[EventRounds "7"]
[EventCountry "GER"]
[SourceTitle "EXT 2018"]
[Source "ChessBase"]
[SourceDate "2017.10.13"]
[SourceVersion "1"]
[SourceVersionDate "2017.10.13"]
[SourceQuality "1"]
[WhiteTeam "Hohentuebingen"]
[BlackTeam "Paderborn Blauer Springer"]
[WhiteTeamCountry "GER"]
[BlackTeamCountry "GER"]

1. e4 e5 2. Nf3 Nf6 3. Nc3 Nc6 4. Bb5 Bb4 5. d3 a6 6. Ba4 d5 7. Nd2 dxe4 8. Ncxe4 Nxe4 9. 0-0 0-0 10. Nxe4 b5 11. Bb3 Qd7 12. c3 Bc5 13. Nxc5 Qe7 14. Be3 Rd8 15. Qc2 Qf6 16. Bg5 1-0